000 005820000a22001690004500
090 _aAR
_b00750
245 1 0 _aTree species composition and rain forest-environment relationships in the middle Caquetá area, Colombia, NW Amazonia
650 1 4 _aBosques húmedos tropicales
_917491
650 1 4 _aBeta diversidad
_993936
650 1 4 _aSuelos tropicales
_993937
650 1 4 _aFisiografía
_98343
651 4 _mAraracuara
_dCaquetá
_pColombia
_992749
041 0 _aInglés
100 1 _aDuivenvoorden, Joost Franciscus
_93687
942 _cARTICULO
773 1 _tVegetario
_3286
_q91-113
_d1990?
999 _c9841
_d9841